01120cam a2200301 450000100060000001000150000600500170002102100170003803500200005510000410007530400710011660601260018710100130031310200070032610500180033310600060035167500450035767500370040267500340043967500380047370000220051170200460053370200420057920001210062121000370074221500230077980100160080230214 a972805908620220405165427.0 aPTb60696/92 a(porbase)421620 a20090513d1992 m f0pory5003 ba aTít. orig.: Toward a fair start for children, UNESC0, 1990, 1991 aCrianças em situação de riscoxProgramas de desenvolvimento infantilyPaíses em desenvolvimentoz1990-19952SIPOR1 aporceng aPT aa z 001yy ar a159.922-053.2(1-773)"1990/1995"vBNzpor a338.2(1-773)"1990/1995"vBNzpor a37(1-773)"1990/1995"vBNzpor a364.46(1-773)"1990/1995"vBNzpor 1aMyers,bRobert G. 1aAndrade,bMaria Luísa S. Alvarenga4730 1aBarroso,bMaria de Jesus,f1925-40801 aUm tempo para a infânciafRobert G. Myersgtrad. Maria Luísa S. Alvarenga de Andradegpref. Maria Barroso Soares aPortocCentro Unesco,dD.L. 1992 a153 p.cil.d22 cm 0aPTbBNgRPC